[Event "LSS BI-2009-P-00012"]
[Site "LSS email"]
[Date "2009.04.19"]
[Round "?"]
[White "Kolus, Wojciech"]
[Black "Correa de Almeida, Claudio"]
[Result "1/2-1/2"]
[WhiteElo "2187"]
[BlackElo "1815"]
[PlyCount "103"]
[EventDate "2009.04.20"]
[EventType "tourn (corr)"]
[EventRounds "10"]
[EventCountry "GER"]
[SourceTitle "Corr 2011"]
[Source "ChessBase"]
[SourceDate "2010.08.31"]
[SourceVersion "1"]
[SourceVersionDate "2010.08.31"]
[SourceQuality "1"]

1. d4 Nf6 2. Nf3 d5 3. c4 e6 4. Nc3 c6 5. e3 Nbd7 6. Bd3 dxc4 7. Bxc4 b5 8. Bd3 Bb7 9. 0-0 a6 10. e4 c5 11. d5 c4 12. Bc2 Qc7 13. Qe2 Bd6 14. dxe6 fxe6 15. Nd4 Nc5 16. f4 e5 17. Nf5 0-0 18. Nxd6 Qxd6 19. fxe5 Qxe5 20. Rf5 Qc7 21. Bg5 Nfxe4 22. Rxf8+ Rxf8 23. Nxe4 Qe5 24. Nf6+ gxf6 25. Bxh7+ Kg7 26. Qxe5 fxe5 27. Be7 Rf7 28. Bxc5 Kxh7 29. Re1 e4 30. Rd1 a5 31. Rd6 b4 32. Bd4 Rc7 33. Bb6 Rf7 34. h3 c3 35. bxc3 bxc3 36. Bxa5 c2 37. Bd2 Ba8 38. Rd4 Rc7 39. Bc1 e3 40. Rh4+ Kg6 41. Rg4+ Kf5 42. Bxe3 c1Q+ 43. Bxc1 Rxc1+ 44. Kh2 Bd5 45. a3 Rc3 46. Rg3 Rc4 47. Rd3 Bc6 48. Rd2 Kg5 49. Ra2 Rd4 50. Rc2 Be4 51. Re2 Rc4 52. Re3 1/2-1/2

[Event "LSS BI-2009-P-00012"]
[Site "LSS email"]
[Date "2009.04.19"]
[Round "?"]
[White "Pehl, Ferenc"]
[Black "Kolus, Wojciech"]
[Result "0-1"]
[WhiteElo "797"]
[BlackElo "2197"]
[PlyCount "58"]
[EventDate "2009.04.20"]
[EventType "tourn (corr)"]
[EventRounds "10"]
[EventCountry "GER"]
[SourceTitle "Corr 2011"]
[Source "ChessBase"]
[SourceDate "2010.08.31"]
[SourceVersion "1"]
[SourceVersionDate "2010.08.31"]
[SourceQuality "1"]

1. e4 e5 2. Nf3 Nc6 3. Bb5 Nf6 4. 0-0 Nxe4 5. Re1 Nd6 6. Bxc6 dxc6 7. Nxe5 Be7 8. d4 0-0 9. Nc3 Be6 10. Be3 Re8 11. a3 f6 12. Nd3 Nf5 13. Nf4 Bf7 14. h3 Qd7 15. Qd2 Rad8 16. Nfe2 c5 17. Rad1 Bd6 18. dxc5 Nxe3 19. fxe3 Bh2+ 20. Kxh2 Qxd2 21. Rxd2 Rxd2 22. Rc1 Rxe3 23. Nf4 Bc4 24. h4 Kf7 25. Nh3 Be6 26. Ng1 Bd7 27. Kh1 Bc6 28. Nge2 Rexe2 29. Nxe2 Rxe2 0-1

[Event "LSS BI-2008-F-00004"]
[Site "LSS email"]
[Date "2009.03.02"]
[Round "?"]
[White "Kolus, Wojciech"]
[Black "Ermolaev, Andrey Stanislavovi"]
[Result "1/2-1/2"]
[WhiteElo "2197"]
[BlackElo "2384"]
[PlyCount "53"]
[EventDate "2009.03.03"]
[EventType "tourn (corr)"]
[EventRounds "10"]
[EventCountry "GER"]
[SourceTitle "Corr 2011"]
[Source "ChessBase"]
[SourceDate "2010.08.31"]
[SourceVersion "1"]
[SourceVersionDate "2010.08.31"]
[SourceQuality "1"]

1. d4 Nf6 2. c4 e6 3. Nf3 b6 4. g3 Ba6 5. Qa4 Bb7 6. Bg2 c5 7. dxc5 Bxc5 8. 0-0 0-0 9. Nc3 Qe7 10. Bf4 Ne4 11. Nxe4 Bxe4 12. Rad1 Bc6 13. Qc2 f6 14. a3 a5 15. Bd2 Na6 16. Bc3 Rfc8 17. Rd2 e5 18. Nh4 Qe6 19. Bxc6 dxc6 20. Rfd1 Bf8 21. Nf5 Nc5 22. b4 axb4 23. axb4 Na4 24. Ba1 Bxb4 25. Rd7 Bf8 26. Nh6+ Kh8 27. Nf7+ 1/2-1/2

[Event "LSS WC-2013-P-00007"]
[Site "LSS email"]
[Date "2009.02.14"]
[Round "?"]
[White "Perevozchikov, Viacheslav"]
[Black "Kolus, Wojciech"]
[Result "1-0"]
[WhiteElo "1839"]
[BlackElo "800"]
[PlyCount "71"]
[EventDate "2009.02.18"]
[EventType "tourn (corr)"]
[EventRounds "6"]
[EventCountry "GER"]
[SourceTitle "Telechess CBM 137"]
[Source "ChessBase"]
[SourceDate "2010.07.15"]
[SourceVersion "1"]
[SourceVersionDate "2010.07.15"]
[SourceQuality "1"]

1. e4 e5 2. Nf3 Nc6 3. Bb5 Nf6 4. 0-0 Nxe4 5. d4 Be7 6. Qe2 Nd6 7. Bxc6 bxc6 8. dxe5 Nf5 9. c4 0-0 10. Nc3 Rb8 11. Rd1 Re8 12. b3 d6 13. Bf4 f6 14. exd6 Bxd6 15. Qd2 Be6 16. Ne4 Bb4 17. Qxd8 Rbxd8 18. Rxd8 Rxd8 19. Bxc7 Rd7 20. Bf4 Be7 21. h3 Kf7 22. Kf1 g5 23. Bd2 h5 24. Bc3 g4 25. hxg4 hxg4 26. Ng1 Ng7 27. Ng3 Nf5 28. N1e2 Nxg3+ 29. Nxg3 Rd3 30. Ba5 Rd7 31. Ke2 Bd6 32. Ne4 Bf5 33. Nxd6+ Rxd6 34. Bb4 Re6+ 35. Kd2 Be4 36. g3 1-0

[Event "LSS CP-2007-Q-00013"]
[Site "LSS email"]
[Date "2009.01.15"]
[Round "?"]
[White "Kolus, Wojciech"]
[Black "Orsolic, Marijan"]
[Result "0-1"]
[WhiteElo "800"]
[BlackElo "2157"]
[PlyCount "46"]
[EventDate "2009.01.15"]
[EventType "tourn (corr)"]
[EventRounds "6"]
[EventCountry "GER"]
[SourceTitle "Telechess CBM 137"]
[Source "ChessBase"]
[SourceDate "2010.07.15"]
[SourceVersion "1"]
[SourceVersionDate "2010.07.15"]
[SourceQuality "1"]

1. d4 d6 2. Nf3 Bg4 3. e4 Nf6 4. Nc3 e6 5. h3 Bh5 6. Qe2 a6 7. g4 Bg6 8. g5 Nfd7 9. Be3 b5 10. Nh4 b4 11. Nxg6 hxg6 12. Na4 c6 13. 0-0-0 Qa5 14. b3 d5 15. Kb1 Nb6 16. Nxb6 Qxb6 17. f4 Ra7 18. h4 a5 19. Re1 a4 20. f5 gxf5 21. exf5 exf5 22. g6 f6 23. h5 Kd8 0-1

[Event "LSS WC-2008-F-00005"]
[Site "LSS email"]
[Date "2008.11.12"]
[Round "?"]
[White "Fages, Jorge Juan"]
[Black "Kolus, Wojciech"]
[Result "1/2-1/2"]
[WhiteElo "2147"]
[BlackElo "2199"]
[PlyCount "54"]
[EventDate "2008.11.12"]
[EventType "tourn (corr)"]
[EventRounds "10"]
[EventCountry "GER"]
[SourceTitle "Corr 2011"]
[Source "ChessBase"]
[SourceDate "2010.08.31"]
[SourceVersion "1"]
[SourceVersionDate "2010.08.31"]
[SourceQuality "1"]

1. d4 Nf6 2. c4 e6 3. Nc3 Bb4 4. e3 0-0 5. Bd3 d5 6. Nf3 c5 7. 0-0 Nc6 8. a3 Bxc3 9. bxc3 dxc4 10. Bxc4 Qc7 11. Bb2 e5 12. h3 Bf5 13. Qe2 e4 14. Nd2 Rac8 15. Ba2 Rfd8 16. Rfd1 Qe7 17. Rac1 Bg6 18. Qb5 Bh5 19. Re1 a6 20. Qb3 b5 21. c4 cxd4 22. cxb5 dxe3 23. Qxe3 axb5 24. Nxe4 Qxe4 25. Qxe4 Nxe4 26. Rxe4 Bg6 27. Rf4 Nd4 1/2-1/2

[Event "LSS WC-2008-F-00005"]
[Site "LSS email"]
[Date "2008.11.12"]
[Round "?"]
[White "Kolus, Wojciech"]
[Black "Muller, Henri Louis"]
[Result "0-1"]
[WhiteElo "800"]
[BlackElo "2399"]
[PlyCount "122"]
[EventDate "2008.11.12"]
[EventType "tourn (corr)"]
[EventRounds "10"]
[EventCountry "GER"]
[SourceTitle "Telechess CBM 137"]
[Source "ChessBase"]
[SourceDate "2010.07.15"]
[SourceVersion "1"]
[SourceVersionDate "2010.07.15"]
[SourceQuality "1"]

1. d4 Nc6 2. e4 d5 3. e5 Bf5 4. Nf3 e6 5. c3 f6 6. Bb5 Nge7 7. exf6 gxf6 8. Nh4 Bg6 9. 0-0 Qd7 10. Re1 a6 11. Ba4 0-0-0 12. Nd2 Nf5 13. Ndf3 Re8 14. Nxf5 Bxf5 15. Nh4 Be4 16. Bf4 Rg8 17. f3 Bg6 18. b4 Bd6 19. Bxd6 Qxd6 20. b5 axb5 21. Bxb5 Re7 22. Qa4 Be8 23. Rab1 Kb8 24. g3 Na7 25. Bxe8 Rgxe8 26. Ng2 Nc8 27. Ne3 h5 28. Kg2 h4 29. c4 Nb6 30. Qb3 h3+ 31. Kf1 Qc6 32. Qb5 Qxb5 33. cxb5 e5 34. Nf5 Rd7 35. Kf2 Nc4 36. g4 Ka7 37. Kg3 Kb6 38. a4 Ka5 39. Ra1 Rh7 40. Re2 Rd8 41. Rb1 Re8 42. Rd1 e4 43. Rde1 Kxa4 44. b6 Kb3 45. bxc7 Rxc7 46. fxe4 Rxe4 47. Rxe4 dxe4 48. Rxe4 b5 49. d5 Rd7 50. Nd4+ Kb4 51. Kxh3 Rxd5 52. Rf4 Kc3 53. Nxb5+ Rxb5 54. Rxf6 Kd4 55. Rf4+ Kd5 56. Kh4 Ne5 57. Rf2 Ke4 58. Rf6 Nf3+ 59. Kg3 Ng5 60. Rf4+ Ke3 61. Ra4 Ne4+ 0-1

[Event "LSS SM-2008-0-00025"]
[Site "LSS email"]
[Date "2008.07.27"]
[Round "?"]
[White "Kolus, Wojciech"]
[Black "Roberts, Anthony"]
[Result "1/2-1/2"]
[WhiteElo "2123"]
[BlackElo "2286"]
[PlyCount "37"]
[EventDate "2008.07.13"]
[EventType "tourn (corr)"]
[EventRounds "6"]
[EventCountry "GER"]
[SourceTitle "Corr 2013"]
[Source "ChessBase"]
[SourceDate "2012.11.12"]
[SourceVersion "1"]
[SourceVersionDate "2012.11.12"]
[SourceQuality "1"]
[WhiteTeam "US of America"]
[BlackTeam "US of America"]
[WhiteTeamCountry "USA"]
[BlackTeamCountry "USA"]

1. d4 d5 2. Nf3 Nf6 3. c4 c6 4. e3 Bf5 5. Bd3 Bxd3 6. Qxd3 e6 7. 0-0 Nbd7 8. Nc3 Bb4 9. Bd2 a5 10. a3 Be7 11. Rfe1 0-0 12. e4 dxe4 13. Nxe4 Nxe4 14. Qxe4 Nf6 15. Qe2 a4 16. Rad1 Re8 17. Bg5 h6 18. Bf4 Qa5 19. Be5 1/2-1/2

[Event "LSS SM-2008-0-00019"]
[Site "LSS email"]
[Date "2008.06.18"]
[Round "?"]
[White "Kolus, Wojciech"]
[Black "Simmelink, Joop Theo"]
[Result "1-0"]
[WhiteElo "2211"]
[BlackElo "2179"]
[PlyCount "65"]
[EventDate "2008.06.12"]
[EventType "tourn (corr)"]
[EventRounds "6"]
[EventCountry "GER"]
[SourceTitle "Corr 2013"]
[Source "ChessBase"]
[SourceDate "2012.11.12"]
[SourceVersion "1"]
[SourceVersionDate "2012.11.12"]
[SourceQuality "1"]
[WhiteTeam "US of America"]
[BlackTeam "US of America"]
[WhiteTeamCountry "USA"]
[BlackTeamCountry "USA"]

1. d4 d5 2. c4 c6 3. Nf3 Nf6 4. Nc3 e6 5. e3 Nbd7 6. Bd3 dxc4 7. Bxc4 b5 8. Bd3 a6 9. e4 c5 10. e5 cxd4 11. Nxb5 axb5 12. exf6 gxf6 13. 0-0 Qb6 14. Qe2 b4 15. Rd1 Bc5 16. Bf4 Bb7 17. Be4 e5 18. Bxb7 Qxb7 19. Nxd4 0-0-0 20. Nb3 exf4 21. Rxd7 Bxf2+ 22. Qxf2 Qxd7 23. Qxf4 Qa7+ 24. Kh1 Qb6 25. a3 bxa3 26. bxa3 Rd6 27. Rc1+ Rc6 28. Qf5+ Kb8 29. Qf4+ Qc7 30. Qb4+ Rb6 31. Qa5 Qd6 32. Qc3 Rg8 33. Nc5 1-0

[Event "LSS SM-2008-0-00019"]
[Site "LSS email"]
[Date "2008.06.18"]
[Round "?"]
[White "Sanner, Zdzislaw"]
[Black "Kolus, Wojciech"]
[Result "1/2-1/2"]
[WhiteElo "2184"]
[BlackElo "2193"]
[PlyCount "79"]
[EventDate "2008.06.12"]
[EventType "tourn (corr)"]
[EventRounds "6"]
[EventCountry "GER"]
[SourceTitle "Corr 2011"]
[Source "ChessBase"]
[SourceDate "2010.08.31"]
[SourceVersion "1"]
[SourceVersionDate "2010.08.31"]
[SourceQuality "1"]

1. c4 e5 2. Nc3 Nf6 3. g3 c6 4. Nf3 e4 5. Nd4 d5 6. cxd5 cxd5 7. Bg2 Nc6 8. Nxc6 bxc6 9. d3 exd3 10. Qxd3 Be7 11. 0-0 0-0 12. b3 Be6 13. Bb2 Rc8 14. Rfd1 Qd7 15. e4 Rfd8 16. Rac1 d4 17. Ne2 c5 18. Nf4 a5 19. Nxe6 Qxe6 20. Rc4 Nd7 21. Qf1 g5 22. f4 Nb6 23. Rc2 a4 24. Bh3 g4 25. f5 Qxe4 26. Re2 Qc6 27. Bxg4 Bg5 28. Bf3 Qf6 29. Bb7 Rb8 30. Qf3 Re8 31. Rde1 Rxe2 32. Rxe2 Qh6 33. Kg2 axb3 34. axb3 Nd7 35. Bd5 Be3 36. h4 Rd8 37. f6 Ne5 38. Qe4 Qxf6 39. Rxe3 dxe3 40. Bxe5 1/2-1/2

[Event "LSS SM-2008-0-00019"]
[Site "LSS email"]
[Date "2008.06.17"]
[Round "?"]
[White "Janosi, Ervin"]
[Black "Kolus, Wojciech"]
[Result "1/2-1/2"]
[WhiteElo "2223"]
[BlackElo "2193"]
[PlyCount "107"]
[EventDate "2008.06.12"]
[EventType "tourn (corr)"]
[EventRounds "6"]
[EventCountry "GER"]
[SourceTitle "Corr 2011"]
[Source "ChessBase"]
[SourceDate "2010.08.31"]
[SourceVersion "1"]
[SourceVersionDate "2010.08.31"]
[SourceQuality "1"]

1. e4 e5 2. Nf3 Nc6 3. Bb5 a6 4. Ba4 Nf6 5. 0-0 Be7 6. Bxc6 dxc6 7. d3 Qd6 8. b3 Be6 9. Bb2 Nd7 10. Nbd2 0-0 11. Qe2 Rad8 12. Rfd1 Rfe8 13. a4 Bf6 14. Ba3 c5 15. Nc4 Qe7 16. Na5 Rb8 17. h3 Bg5 18. Nc4 Bf4 19. g3 Bg5 20. Kh2 Bf6 21. Bb2 Rbd8 22. Na5 Rb8 23. Qe3 Qf8 24. Nc4 Rbd8 25. Rac1 b6 26. a5 h6 27. Rd2 g6 28. axb6 cxb6 29. Rdd1 Qg7 30. Nd6 Rf8 31. Ra1 a5 32. Nc4 Qh8 33. Qe2 Bg7 34. Ne3 Nb8 35. Nd2 Nc6 36. Ndc4 Nd4 37. Bxd4 cxd4 38. Nd5 Bxd5 39. exd5 b5 40. Nd2 Ra8 41. Ra2 Kh7 42. h4 f5 43. h5 g5 44. d6 Qg8 45. Rda1 Qe6 46. Rxa5 Rxa5 47. Rxa5 Qxd6 48. Rxb5 Qc6 49. Rb4 Qxc2 50. Rc4 Qa2 51. Ra4 Qc2 52. Rc4 Qa2 53. Ra4 Qc2 54. Rc4 1/2-1/2

[Event "LSS SM-2008-0-00019"]
[Site "LSS email"]
[Date "2008.06.17"]
[Round "?"]
[White "Kolus, Wojciech"]
[Black "Korzh, Leonty"]
[Result "1/2-1/2"]
[WhiteElo "2211"]
[BlackElo "2324"]
[PlyCount "46"]
[EventDate "2008.06.12"]
[EventType "tourn (corr)"]
[EventRounds "6"]
[EventCountry "GER"]
[SourceTitle "Corr 2013"]
[Source "ChessBase"]
[SourceDate "2012.11.12"]
[SourceVersion "1"]
[SourceVersionDate "2012.11.12"]
[SourceQuality "1"]
[WhiteTeam "US of America"]
[BlackTeam "US of America"]
[WhiteTeamCountry "USA"]
[BlackTeamCountry "USA"]

1. d4 Nf6 2. Nf3 e6 3. c4 b6 4. g3 Bb7 5. Bg2 Be7 6. 0-0 0-0 7. Nc3 Ne4 8. Qc2 Nxc3 9. Qxc3 c5 10. Rd1 d6 11. Qd3 Nc6 12. d5 Nb4 13. Qb3 exd5 14. cxd5 a5 15. a3 a4 16. Qc4 b5 17. Qe4 Na6 18. Qf5 Bc8 19. Qh5 Nc7 20. e4 Bd7 21. Bf4 Qc8 22. h3 f6 23. Nh4 g5 1/2-1/2

[Event "LSS BI-2008-P-00006"]
[Site "LSS email"]
[Date "2008.04.27"]
[Round "?"]
[White "Bernal Varela, Nelson"]
[Black "Kolus, Wojciech"]
[Result "1/2-1/2"]
[WhiteElo "2215"]
[BlackElo "2169"]
[PlyCount "89"]
[EventDate "2008.04.27"]
[EventType "tourn (corr)"]
[EventRounds "10"]
[EventCountry "GER"]
[SourceTitle "Corr 2013"]
[Source "ChessBase"]
[SourceDate "2012.11.12"]
[SourceVersion "1"]
[SourceVersionDate "2012.11.12"]
[SourceQuality "1"]
[WhiteTeam "US of America"]
[BlackTeam "US of America"]
[WhiteTeamCountry "USA"]
[BlackTeamCountry "USA"]

1. e4 e5 2. Nf3 Nc6 3. Bb5 a6 4. Ba4 Nf6 5. 0-0 Be7 6. Re1 d6 7. c3 0-0 8. d4 Bd7 9. d5 Nb8 10. Bxd7 Nbxd7 11. c4 c6 12. Nc3 Rc8 13. Nd2 cxd5 14. cxd5 Ne8 15. a4 Bg5 16. a5 f5 17. exf5 Rxf5 18. h3 Rf7 19. g3 Bh6 20. Re2 Rf8 21. Nde4 Bxc1 22. Rxc1 Qxa5 23. Rec2 Rc4 24. Ng5 Rd4 25. Rd2 Rxd2 26. Qxd2 Ndf6 27. Qc2 h6 28. Ne6 Rf7 29. Rd1 Qb4 30. Ra1 Qc4 31. Ra4 Qc8 32. Qg6 b5 33. Rh4 a5 34. Rxh6 b4 35. Ng5 Re7 36. Nce4 Qc1+ 37. Kh2 Qxb2 38. Ne6 Qe2 39. Rh4 Qf3 40. N6g5 Qb3 41. Nxf6+ Nxf6 42. Nh7 Qf3 43. Rf4 exf4 44. Nxf6+ Kf8 45. Nh7+ 1/2-1/2

[Event "LSS BI-2008-P-00006"]
[Site "LSS email"]
[Date "2008.04.27"]
[Round "?"]
[White "Kolus, Wojciech"]
[Black "Soreghy, Janos"]
[Result "1/2-1/2"]
[WhiteElo "2169"]
[BlackElo "2061"]
[PlyCount "43"]
[EventDate "2008.04.27"]
[EventType "tourn (corr)"]
[EventRounds "10"]
[EventCountry "GER"]
[SourceTitle "Corr 2011"]
[Source "ChessBase"]
[SourceDate "2010.08.31"]
[SourceVersion "1"]
[SourceVersionDate "2010.08.31"]
[SourceQuality "1"]

1. d4 Nf6 2. Nf3 d5 3. c4 c6 4. e3 Bf5 5. cxd5 cxd5 6. Qb3 Qc7 7. Nc3 e6 8. Bd2 Be7 9. Nh4 Bg4 10. h3 Bh5 11. g4 Bg6 12. g5 Nfd7 13. Nb5 Qd8 14. Bb4 Kf8 15. Bxe7+ Qxe7 16. Rc1 Nc6 17. Nxg6+ hxg6 18. h4 Rc8 19. Kd1 Rb8 20. Qa3 Qxa3 21. Nxa3 Ke7 22. Nb1 1/2-1/2

[Event "LSS BI-2008-P-00006"]
[Site "LSS email"]
[Date "2008.04.27"]
[Round "?"]
[White "Petersen, Hans"]
[Black "Kolus, Wojciech"]
[Result "0-1"]
[WhiteElo "1765"]
[BlackElo "2169"]
[PlyCount "88"]
[EventDate "2008.04.27"]
[EventType "tourn (corr)"]
[EventRounds "10"]
[EventCountry "GER"]
[SourceTitle "Corr 2011"]
[Source "ChessBase"]
[SourceDate "2010.08.31"]
[SourceVersion "1"]
[SourceVersionDate "2010.08.31"]
[SourceQuality "1"]

1. d4 d5 2. c4 e6 3. Nc3 Nf6 4. cxd5 exd5 5. Bg5 c6 6. e3 Be7 7. Bd3 0-0 8. Nge2 Nbd7 9. 0-0 Ne4 10. Bxe7 Qxe7 11. Bxe4 dxe4 12. d5 Nb6 13. dxc6 bxc6 14. Rc1 Ba6 15. Re1 Bd3 16. Ng3 Rad8 17. Qh5 f5 18. Nce2 g6 19. Qh6 Nc4 20. Nd4 Rd6 21. b3 Ne5 22. Nge2 Bxe2 23. Rxe2 f4 24. Qh3 Qf6 25. g3 g5 26. Rec2 fxe3 27. fxe3 c5 28. Nb5 Rd3 29. Rf1 Nf3+ 30. Kh1 Rxe3 31. Rcf2 Qg6 32. Qd7 Rd3 33. Qe7 Qc6 34. Nxa7 Qd5 35. Nb5 Rd2 36. Nc3 Rxf2 37. Rxf2 Qd4 38. Qe6+ Kg7 39. Rf1 Qd2 40. Qh3 Qxc3 41. Qd7+ Rf7 42. Qd1 Qb2 43. Qa1 Qxa1 44. Rxa1 Rd7 0-1

[Event "LSS BI-2007-F-00003"]
[Site "LSS email"]
[Date "2008.02.15"]
[Round "?"]
[White "Kolus, Wojciech"]
[Black "Wallach, Naor"]
[Result "1/2-1/2"]
[WhiteElo "2113"]
[BlackElo "2142"]
[PlyCount "60"]
[EventDate "2008.02.15"]
[EventType "tourn (corr)"]
[EventRounds "10"]
[EventCountry "GER"]
[SourceTitle "Corr 2011"]
[Source "ChessBase"]
[SourceDate "2010.08.31"]
[SourceVersion "1"]
[SourceVersionDate "2010.08.31"]
[SourceQuality "1"]

1. d4 Nf6 2. Nf3 g6 3. c4 Bg7 4. Nc3 0-0 5. e4 d6 6. Be2 Na6 7. 0-0 e5 8. dxe5 dxe5 9. Qc2 Nb4 10. Qb1 Nc6 11. Be3 Bg4 12. Rd1 Qe7 13. Qc2 Bxf3 14. Bxf3 Rfd8 15. Rxd8+ Rxd8 16. Qb3 Nd4 17. Qxb7 Nc2 18. Rd1 Nxe3 19. fxe3 Rxd1+ 20. Nxd1 Qc5 21. Qa6 c6 22. Kf1 Bh6 23. b4 Qxb4 24. Qxc6 Kg7 25. Qb5 Qd2 26. Qxe5 Bxe3 27. Nxe3 Qxe3 28. c5 h5 29. h3 h4 30. a3 a6 1/2-1/2

[Event "LSS RA-2008-0-00005"]
[Site "LSS email"]
[Date "2008.02.11"]
[Round "?"]
[White "Kolus, Wojciech"]
[Black "Lanin, Boris Aleksandrovic"]
[Result "1-0"]
[WhiteElo "2113"]
[BlackElo "2098"]
[PlyCount "91"]
[EventDate "2008.01.26"]
[EventType "tourn (corr)"]
[EventRounds "6"]
[EventCountry "GER"]
[SourceTitle "Corr 2011"]
[Source "ChessBase"]
[SourceDate "2010.08.31"]
[SourceVersion "1"]
[SourceVersionDate "2010.08.31"]
[SourceQuality "1"]

1. d4 d6 2. Nf3 Bg4 3. e4 e6 4. Qd3 c6 5. Be2 Nd7 6. 0-0 Bxf3 7. Qxf3 Ngf6 8. Rd1 Qc7 9. c4 e5 10. d5 Nc5 11. b4 Ncd7 12. Nc3 Be7 13. Qg3 0-0 14. Bh6 Ne8 15. a3 Kh8 16. Be3 a6 17. Qh3 c5 18. Bd3 b6 19. Be2 g6 20. Bh6 Ng7 21. Bd3 Nf6 22. Rab1 Ng8 23. Bd2 f5 24. bxc5 bxc5 25. exf5 gxf5 26. Bc2 e4 27. g4 fxg4 28. Qxg4 Nf5 29. Kh1 Nd4 30. Rg1 Rf7 31. Bxe4 Bf6 32. Rg3 Raf8 33. Rbg1 Rg7 34. Qh5 Rxg3 35. Rxg3 Be5 36. f4 Bf6 37. Bd3 Nb3 38. Be1 Qf7 39. Bg6 Qe7 40. Ne4 Nd4 41. Bc3 h6 42. Bxd4 cxd4 43. Bf5 d3 44. Rxg8+ Kxg8 45. Qxh6 d2 46. Be6+ 1-0

[Event "LSS WC-2010-S-00010"]
[Site "LSS email"]
[Date "2007.12.15"]
[Round "?"]
[White "Johansen, Toralf"]
[Black "Kolus, Wojciech"]
[Result "1-0"]
[WhiteElo "2141"]
[BlackElo "2089"]
[PlyCount "57"]
[EventDate "2007.12.15"]
[EventType "tourn (corr)"]
[EventRounds "10"]
[EventCountry "GER"]
[SourceTitle "Corr 2011"]
[Source "ChessBase"]
[SourceDate "2010.08.31"]
[SourceVersion "1"]
[SourceVersionDate "2010.08.31"]
[SourceQuality "1"]

1. e4 e5 2. Nf3 Nc6 3. Bb5 a6 4. Bxc6 dxc6 5. 0-0 Qd6 6. Na3 Be6 7. Qe2 f6 8. Nc4 Qd7 9. Rd1 c5 10. c3 Bg4 11. h3 Bh5 12. d4 cxd4 13. cxd4 exd4 14. g4 Bxg4 15. hxg4 Qxg4+ 16. Kf1 Qh3+ 17. Ke1 b5 18. Ncd2 Rd8 19. Nf1 c5 20. a4 Qd7 21. e5 d3 22. Qe3 Be7 23. axb5 axb5 24. Ng3 h5 25. Ne4 c4 26. Nd6+ Bxd6 27. exf6+ Be7 28. f7+ Kf8 29. Ra7 1-0

[Event "LSS WC-2010-S-00010"]
[Site "LSS email"]
[Date "2007.12.15"]
[Round "?"]
[White "Van Bommel, Ton"]
[Black "Kolus, Wojciech"]
[Result "0-1"]
[WhiteElo "1856"]
[BlackElo "2089"]
[PlyCount "86"]
[EventDate "2007.12.15"]
[EventType "tourn (corr)"]
[EventRounds "10"]
[EventCountry "GER"]
[SourceTitle "Corr 2011"]
[Source "ChessBase"]
[SourceDate "2010.08.31"]
[SourceVersion "1"]
[SourceVersionDate "2010.08.31"]
[SourceQuality "1"]

1. d4 d5 2. c4 e6 3. Nc3 Nf6 4. Bg5 Be7 5. e3 0-0 6. Nf3 h6 7. Bh4 b6 8. Be2 Bb7 9. Bxf6 Bxf6 10. cxd5 exd5 11. 0-0 Be7 12. Qc2 Nd7 13. Rac1 c6 14. Bd3 Re8 15. Rfe1 Nf6 16. e4 dxe4 17. Nxe4 Bb4 18. Re2 Nd5 19. a3 Bf8 20. Ne5 Re7 21. Nc3 Nf4 22. Re4 Nxd3 23. Qxd3 Qd6 24. Rce1 Rd8 25. Qc2 a6 26. R4e3 Qc7 27. Qd3 c5 28. d5 b5 29. Ng4 Rxe3 30. Nxe3 Qe5 31. g3 b4 32. axb4 cxb4 33. f4 Qc7 34. Ne4 Qb6 35. Kf1 a5 36. Rd1 Ba6 37. Nc4 Qb5 38. b3 a4 39. Kf2 f5 40. Ned2 Rxd5 41. Qf3 axb3 42. Ne3 Rd3 43. Ndc4 Rc3 0-1